书目信息 |
| 题名: |
食用菌引种与制种技术指导
|
|
| 作者: | 吕作舟 主编 ;王贺祥 , 汪中文 编著 | |
| 分册: | ||
| 出版信息: | 北京 金盾出版社 2010 |
|
| 页数: | 120页 | |
| 开本: | 21cm | |
| 丛书名: | ||
| 单 册: | ||
| 中图分类: | S646.03 , S646 | |
| 科图分类: | ||
| 主题词: | 食用菌类--菌种--引种 , 食用菌类--制种 | |
| 电子资源: | ||
| ISBN: | 978-7-5082-6276-5 | |
| 000 | 01023nam0 2200289 450 | |
| 001 | 2360264750 | |
| 005 | 20231210164508.08 | |
| 010 | @a978-7-5082-6276-5@dCNY7.00 | |
| 100 | @a20061221d2010 em y0chiy50 ea | |
| 101 | 0 | @achi |
| 102 | @aCN@b110000 | |
| 105 | @aak a 000yy | |
| 200 | 1 | @a食用菌引种与制种技术指导@Ashi yong jun yin zhong yu zhi zhong ji shu zhi dao@e南方本@f主编吕作舟@g编著者吕作舟 ... [等] |
| 210 | @a北京@c金盾出版社@d2010 | |
| 215 | @a120页@c图@d21cm | |
| 304 | @a题名页题: 编著者吕作舟, 王贺祥, 汪中文, 余知和 | |
| 320 | @a有书目 (第120页) | |
| 330 | @a本书内容包括食用菌的遗传与育种, 食用菌菌种制作基础, 食用菌制种技术实例, 菌种的质量检测, 食用菌菌种保藏与复壮, 食用菌引种指导等。 | |
| 606 | 0 | @a食用菌类@x菌种@x引种 |
| 606 | 0 | @a食用菌类@x制种 |
| 690 | @aS646.03@v5 | |
| 690 | @aS646@v4 | |
| 701 | 0 | @a吕作舟@Alv zuo zhou@4主编 |
| 702 | 0 | @a王贺祥@Awang he xiang@4编著 |
| 702 | 0 | @a汪中文@Awang zhong wen@4编著 |
| 801 | 0 | @aCN@b湖北三新@c20100601 |
| 905 | @aZUCC@dS646@e137:2 | |
| 食用菌引种与制种技术指导:南方本/主编吕作舟/编著者吕作舟 ... [等].-北京:金盾出版社,2010 |
| 120页:图;21cm |
| ISBN 978-7-5082-6276-5:CNY7.00 |
| 本书内容包括食用菌的遗传与育种, 食用菌菌种制作基础, 食用菌制种技术实例, 菌种的质量检测, 食用菌菌种保藏与复壮, 食用菌引种指导等。 |
| ● |
| 相关链接 |
|
|
|
正题名:食用菌引种与制种技术指导
索取号:S646/137:2
 
预约/预借
| 序号 | 登录号 | 条形码 | 馆藏地/架位号 | 状态 | 备注 |
| 1 | 2001421026 | 2001421026 | 617书库/ [索取号:S646/137:2] | 在馆 | |
| 2 | 2001421027 | 2001421027 | 617书库/ [索取号:S646/137:2] | 在馆 | |
| 3 | 2001421028 | 2001421028 | 617书库/ [索取号:S646/137:2] | 在馆 | |
| 4 | 2001421029 | 2001421029 | 617书库/ [索取号:S646/137:2] | 在馆 | |
| 5 | 2001421030 | 2001421030 | 617书库/ [索取号:S646/137:2] | 在馆 | |
| 6 | 2001421031 | 2001421031 | 617书库/ [索取号:S646/137:2] | 在馆 | |
| 7 | 2001421032 | 2001421032 | 617书库/ [索取号:S646/137:2] | 在馆 | |
| 8 | 2001421033 | 2001421033 | 617书库/ [索取号:S646/137:2] | 在馆 | |
| 9 | 2001421034 | 2001421034 | 617书库/ [索取号:S646/137:2] | 在馆 | |
| 10 | 2001421035 | 2001421035 | 617书库/ [索取号:S646/137:2] | 在馆 | |
| 11 | 2001421036 | 2001421036 | 617书库/ [索取号:S646/137:2] | 在馆 | |
| 12 | 2001421037 | 2001421037 | 617书库/ [索取号:S646/137:2] | 在馆 | |
| 13 | 2001421038 | 2001421038 | 617书库/ [索取号:S646/137:2] | 在馆 | |
| 14 | 2001421039 | 2001421039 | 617书库/ [索取号:S646/137:2] | 在馆 | |
| 15 | 2001421040 | 2001421040 | 617书库/ [索取号:S646/137:2] | 在馆 | |
| 16 | 2001421041 | 2001421041 | 617书库/ [索取号:S646/137:2] | 在馆 | |
| 17 | 2001421042 | 2001421042 | 617书库/ [索取号:S646/137:2] | 在馆 | |
| 18 | 2001421043 | 2001421043 | 617书库/ [索取号:S646/137:2] | 在馆 | |
| 19 | 2001421044 | 2001421044 | 617书库/ [索取号:S646/137:2] | 在馆 | |
| 20 | 2001421045 | 2001421045 | 617书库/ [索取号:S646/137:2] | 在馆 | |
| 21 | 2001421046 | 2001421046 | 617书库/ [索取号:S646/137:2] | 在馆 | |
| 22 | 2001421047 | 2001421047 | 617书库/ [索取号:S646/137:2] | 在馆 | |
| 23 | 2001421048 | 2001421048 | 617书库/ [索取号:S646/137:2] | 在馆 | |
| 24 | 2001421049 | 2001421049 | 617书库/ [索取号:S646/137:2] | 在馆 | |
| 25 | 2001421050 | 2001421050 | 617书库/ [索取号:S646/137:2] | 在馆 | |
| 26 | 2001421051 | 2001421051 | 617书库/ [索取号:S646/137:2] | 在馆 | |
| 27 | 2001421052 | 2001421052 | 617书库/ [索取号:S646/137:2] | 在馆 | |
| 28 | 2001421053 | 2001421053 | 617书库/ [索取号:S646/137:2] | 在馆 | |
| 29 | 2001421054 | 2001421054 | 617书库/ [索取号:S646/137:2] | 在馆 | |
| 30 | 2001421055 | 2001421055 | 617书库/ [索取号:S646/137:2] | 在馆 |